000
00315nam a22001337a 4500
008
170818b xxu||||| |||| 00| 0 eng d
020
_a
9780205146734
041
_a
eng
080
_a
51
100
_a
37
101
_a
MAT
245
_a
CLSSROOM TEACHING ELEMENTARY MATHEMATICS
_c
SCHWARTZ.J.E
942
_2
udc
_c
BK
999
_c
24116
_d
24116